[Event "Chigorin Memorial"]
[Site "St Petersburg RUS"]
[Date "2013.10.12"]
[Round "8.44"]
[White "Sichinava, Zviad"]
[Black "Matinian, Nikita"]
[Result "1-0"]
[BlackTitle "IM"]
[WhiteElo "2305"]
[BlackElo "2472"]
[WhiteFideId "24111716"]
[BlackFideId "24129100"]
[EventDate "2013.10.05"]

1. d4 g6 2. e4 d6 3. Nc3 Bg7 4. Nf3 a6 5. Be3 b5 6. Bd3 Bb7 7. h3 Nd7 8. Ne2 c5
9. c3 Ngf6 10. Qb1 O-O 11. g4 e5 12. d5 c4 13. Bc2 Nc5 14. Ng3 a5 15. Qc1 b4 16.
Bh6 b3 17. Bb1 a4 18. Qe3 Bxd5 19. Bxg7 Kxg7 20. exd5 a3 21. axb3 Nxd5 22. Qd2
Nf4 23. Rxa3 Rxa3 24. bxa3 Nxb3 25. Qd1 d5 26. Ne2 Qa5 27. Nxf4 Qxc3+ 28. Kf1
exf4 29. Qxd5 Re8 30. Qd1 1-0

[Event "Chigorin Memorial"]
[Site "St Petersburg RUS"]
[Date "2013.10.12"]
[Round "8.45"]
[White "Solovyov, Viktor"]
[Black "Chekhov, Sergei"]
[Result "0-1"]
[BlackTitle "IM"]
[WhiteElo "2298"]
[BlackElo "2455"]
[WhiteFideId "4102754"]
[BlackFideId "4195639"]
[EventDate "2013.10.05"]

1. Nf3 Nf6 2. c4 c5 3. Nc3 b6 4. g3 Bb7 5. Bg2 e6 6. O-O d6 7. d4 cxd4 8. Qxd4
a6 9. Rd1 Nbd7 10. Ng5 Bxg2 11. Kxg2 Rc8 12. Nge4 Rc6 13. b3 Be7 14. Bg5 h6 15.
Bxf6 Nxf6 16. a4 O-O 17. Qd3 Qc7 18. Na2 Qb7 19. Qf3 Nd7 20. Kg1 Ne5 21. Qg2 Rd8
22. Nec3 Qc8 23. Rac1 Rc7 24. Qe4 Nd7 25. Qf3 Bg5 26. Rb1 Ne5 27. Qg2 Be7 28.
Rbc1 Nc6 29. Qf3 Bg5 30. Rb1 f5 31. Qg2 Rf7 32. f4 Bf6 33. e4 Nd4 34. Ne2 Nxe2+
35. Qxe2 fxe4 36. Qxe4 d5 37. cxd5 Qc5+ 38. Kg2 exd5 39. Qd3 Re7 40. Rbc1 Qe3
41. Nb4 Qe2+ 42. Qxe2 Rxe2+ 43. Kf3 Rxh2 44. Nxd5 Rd6 45. Nc7 Rhd2 46. Rxd2 Rxd2
47. Re1 a5 48. Nb5 Kf7 49. f5 Be7 50. Re3 Bc5 51. Rc3 Kf6 52. g4 h5 53. Nc7
hxg4+ 54. Kxg4 Rd4+ 55. Kg3 Bd6+ 56. Kf3 Kxf5 57. Ke2 g5 58. Nb5 Re4+ 59. Kd3
Be5 60. Rc8 Rb4 61. Rf8+ Kg6 62. Re8 Kf5 63. Rf8+ Kg6 64. Re8 Rxb3+ 65. Ke4 Bf4
66. Re6+ Kh5 67. Kf5 Rb4 68. Rxb6 Rxa4 69. Ra6 Bd2 70. Ra8 Rf4+ 71. Ke5 Kg4 72.
Nd6 Kf3 73. Nf5 Bc3+ 74. Ke6 Re4+ 75. Kd6 g4 76. Rg8 a4 77. Nh4+ Kf2 78. Kd5
Rd4+ 79. Kc5 a3 80. Rf8+ Ke2 81. Ra8 Rf4 82. Ng6 Rf5+ 83. Kc4 Bb2 84. Re8+ Kf2
85. Kb3 g3 86. Nh4 Rf4 87. Ng6 Rf3+ 88. Ka2 g2 0-1

[Event "Chigorin Memorial"]
[Site "St Petersburg RUS"]
[Date "2013.10.12"]
[Round "8.46"]
[White "Cheremnova, Tamara"]
[Black "Paravyan, David"]
[Result "0-1"]
[WhiteTitle "WIM"]
[WhiteElo "2289"]
[BlackElo "2444"]
[WhiteFideId "4175026"]
[BlackFideId "4194985"]
[EventDate "2013.10.05"]

1. d4 Nf6 2. c4 c5 3. d5 b5 4. cxb5 a6 5. bxa6 g6 6. Nc3 Bxa6 7. Nf3 Bg7 8. e4
Bxf1 9. Kxf1 d6 10. g3 O-O 11. Kg2 Nbd7 12. Qe2 Qb6 13. Nb5 Nxe4 14. a4 Ndf6 15.
Rd1 Rfe8 16. Ne1 e6 17. f3 exd5 18. fxe4 Rxe4 19. Qf3 Rae8 20. Bf4 Re2+ 21. Kf1
Rxh2 22. Rd2 Rxd2 23. Bxd2 Ne4 24. Rd1 Re6 25. Ng2 Bxb2 26. Kg1 Rf6 27. Qb3 Be5
28. Qxd5 Nxd2 29. Rxd2 c4+ 30. Kh2 Rf1 31. Nf4 Qg1+ 32. Kh3 c3 33. Rc2 Bxf4 34.
gxf4 Qe3+ 35. Kh2 Qg1+ 36. Kh3 Qe3+ 37. Kh2 Rf2+ 38. Rxf2 Qxf2+ 39. Kh3 Qe3+ 40.
Kg2 c2 41. Nxd6 Qxf4 42. Nxf7 Qg4+ 43. Kf2 Qf5+ 0-1

[Event "Chigorin Memorial"]
[Site "St Petersburg RUS"]
[Date "2013.10.12"]
[Round "8.48"]
[White "Komiagina, Maria"]
[Black "Baghdasaryan, Vahe"]
[Result "0-1"]
[WhiteTitle "WIM"]
[BlackTitle "IM"]
[WhiteElo "2272"]
[BlackElo "2395"]
[WhiteFideId "4153987"]
[BlackFideId "13303139"]
[EventDate "2013.10.05"]

1. e4 c5 2. Nf3 d6 3. d4 cxd4 4. Nxd4 Nf6 5. Nc3 a6 6. Bc4 Nbd7 7. O-O g6 8. f4
Bg7 9. Kh1 O-O 10. a4 Nc5 11. Bd3 b6 12. Nf3 Bb7 13. Qe1 b5 14. axb5 axb5 15.
Rxa8 Qxa8 16. e5 dxe5 17. fxe5 Ng4 18. Bxb5 Ne6 19. Qg3 Bxf3 20. Qxf3 Qxf3 21.
gxf3 Nxe5 22. Nd5 Rb8 23. Be2 Nd4 24. Bd1 e6 25. Nc3 Ra8 26. b3 Rc8 27. Bb2 Nd7
28. Rf2 Nf5 29. Na4 Ne3 30. Bxg7 Kxg7 31. Rd2 Nc5 32. Nxc5 Rxc5 33. c4 f5 34.
Be2 Ra5 35. Kg1 f4 36. b4 Ra1+ 37. Kf2 Kf6 38. b5 Rb1 39. Rd7 h5 40. c5 Nd5 41.
b6 Rb2 42. Ke1 Ne7 43. Kd1 g5 44. h3 Nc6 45. Rc7 Na5 46. Rh7 h4 47. Ra7 Nc6 48.
Rc7 Nd4 49. Kc1 Rc2+ 50. Kb1 Rxe2 51. b7 Re1+ 52. Kb2 Re2+ 53. Kc3 Nb5+ 54. Kd3
Re3+ 55. Kd2 Nxc7 56. b8=Q Nd5 57. Qf8+ Kg6 58. Qe8+ Kf6 59. c6 Rxf3 60. Qd8+
Kg6 61. Qxd5 exd5 62. c7 Rxh3 63. c8=Q Re3 64. Qg8+ Kh5 65. Qxd5 h3 66. Qg8 Kh4
67. Qg6 g4 68. Qh6+ Kg3 69. Qh7 h2 70. Qh5 Ra3 71. Qd5 Rf3 72. Qh5 Rf1 0-1

[Event "Chigorin Memorial"]
[Site "St Petersburg RUS"]
[Date "2013.10.12"]
[Round "8.49"]
[White "Nakar, Eylon"]
[Black "Grigoryeva, Olga A."]
[Result "1/2-1/2"]
[WhiteTitle "IM"]
[BlackTitle "WFM"]
[WhiteElo "2390"]
[BlackElo "2166"]
[WhiteFideId "2811111"]
[BlackFideId "24132594"]
[EventDate "2013.10.05"]

1. e4 e5 2. Nf3 Nc6 3. Bb5 f5 4. d3 fxe4 5. dxe4 Nf6 6. O-O Bc5 7. Bxc6 bxc6 8.
Nxe5 O-O 9. Nc3 Ba6 10. Nd3 Bd4 11. e5 Bxd3 12. exf6 Bxf1 13. Qxd4 Ba6 14. fxg7
Re8 15. Be3 d5 16. Rd1 Qe7 17. h4 Bc8 18. Qa4 Bd7 19. Qf4 Qxg7 20. Bd4 Qf7 21.
Qxc7 Rac8 22. Qg3+ Qg6 23. Qxg6+ hxg6 24. Bxa7 Bf5 25. Rc1 Rc7 26. Bc5 Rh7 27.
g3 Rd7 28. Bd4 Rb7 29. b3 Rbe7 30. Be3 Rxe3 31. fxe3 Rxe3 32. Nb1 Rxg3+ 33. Kf2
Rh3 34. Kg2 Rxh4 35. a4 Rh7 36. Nd2 Ra7 37. Kg3 Kf7 38. Nf3 c5 39. c4 d4 40. Ra1
Bc2 41. Nd2 Ke6 42. Rc1 Bf5 43. Kf4 Kd6 44. Re1 Rf7 45. Kg5 Bc2 46. Re2 Rb7 47.
Kf6 Bf5 48. Re8 Rb6 49. Re7 Rb8 50. a5 Rf8+ 51. Rf7 Ra8 52. b4 Bc2 53. Nf3 cxb4
54. Nxd4 b3 55. Rb7 Kc5 56. Nxb3+ Bxb3 57. Rxb3 1/2-1/2

[Event "Chigorin Memorial"]
[Site "St Petersburg RUS"]
[Date "2013.10.12"]
[Round "8.50"]
[White "Severina, Maria"]
[Black "Solovjov, Sergey I."]
[Result "0-1"]
[WhiteTitle "WIM"]
[BlackTitle "IM"]
[WhiteElo "2227"]
[BlackElo "2381"]
[WhiteFideId "4116909"]
[BlackFideId "4122780"]
[EventDate "2013.10.05"]

1. d4 d5 2. c4 e6 3. Nc3 c5 4. cxd5 cxd4 5. Qa4+ Bd7 6. Qxd4 exd5 7. Qxd5 Nc6 8.
Nf3 Nf6 9. Qd1 Bc5 10. e3 Qe7 11. Be2 g5 12. a3 g4 13. Nd2 O-O-O 14. b4 Bb6 15.
Nc4 Bc7 16. Bb2 Ne5 17. Nxe5 Qxe5 18. Qd4 Bc6 19. Qxe5 Bxe5 20. f3 Rhe8 21. Rc1
Kb8 22. Kf2 gxf3 23. gxf3 a6 24. h3 Rd2 25. Ba1 Bc7 26. Nb1 Rd6 27. Bd4 Nd5 28.
Bc4 f5 29. Rhd1 Rg6 30. Rg1 Rh6 31. Rg7 Bd6 32. Bf1 Be7 33. Nc3 Bh4+ 34. Ke2
Nxe3 35. Bxe3 Rhe6 36. Ne4 fxe4 37. f4 Rd8 38. Bc5 e3 39. Bxe3 Rde8 40. Rc3 Bf6 0-1

[Event "Chigorin Memorial"]
[Site "St Petersburg RUS"]
[Date "2013.10.12"]
[Round "8.51"]
[White "Kharmunova, Nadezhda"]
[Black "Svetlov, Dmitry"]
[Result "0-1"]
[WhiteTitle "WIM"]
[BlackTitle "FM"]
[WhiteElo "2148"]
[BlackElo "2371"]
[WhiteFideId "4195876"]
[BlackFideId "24102610"]
[EventDate "2013.10.05"]

1. e4 c6 2. d3 d5 3. Nd2 g6 4. f4 Bg7 5. Ngf3 Nh6 6. d4 Bg4 7. c3 O-O 8. h3 Bxf3
9. Qxf3 e6 10. g4 f5 11. gxf5 dxe4 12. Nxe4 Nxf5 13. Bd2 Qd5 14. Ng5 Nh4 15.
Qxd5 exd5 16. O-O-O Nd7 17. Be2 Nf6 18. Ne6 Rf7 19. Nxg7 Kxg7 20. Be1 Nf5 21.
Bd3 Nh5 22. Bd2 Nh4 23. Rhf1 Raf8 24. Rde1 Ng2 25. Re5 Ngxf4 26. Kc2 Nxh3 27.
Rxf7+ Rxf7 28. c4 N3f4 29. cxd5 Nxd5 30. Bc4 Nhf6 31. b4 Re7 32. Rg5 b5 33. Bd3
Ne4 34. Bxe4 Rxe4 35. Kd3 Re6 36. Rg1 h6 37. Ra1 Nb6 38. Bc3 Nd5 39. Bd2 g5 40.
a4 a6 0-1

[Event "Chigorin Memorial"]
[Site "St Petersburg RUS"]
[Date "2013.10.12"]
[Round "8.52"]
[White "Usmanov, Vasily"]
[Black "Pyatin, Alexander"]
[Result "1-0"]
[WhiteElo "2366"]
[BlackElo "2146"]
[WhiteFideId "4135741"]
[BlackFideId "24125920"]
[EventDate "2013.10.05"]

1. c4 Nf6 2. Nf3 e6 3. g3 c5 4. Bg2 Nc6 5. O-O d5 6. d4 dxc4 7. Qa4 Bd7 8. Qxc4
b5 9. Qd3 Rc8 10. Bg5 c4 11. Qd2 Bb4 12. Nc3 h6 13. Bxf6 Qxf6 14. Rfd1 O-O 15.
d5 Ne5 16. Nd4 Nd3 17. exd3 Qxd4 18. Nxb5 Qc5 19. Nc3 exd5 20. d4 Qa5 21. a3
Bxc3 22. Qxc3 Qxc3 23. bxc3 Bc6 24. Re1 Rb8 25. Re7 Rb3 26. Rxa7 Rxc3 27. Rc7
Ba8 28. Rd7 Rd3 29. Bxd5 Bxd5 30. Rxd5 Ra8 31. Rc5 Rxd4 32. a4 Rad8 33. Kg2 Kf8
34. a5 Ra8 35. Ra4 Ke7 36. Rc7+ Ke6 37. a6 Rd6 38. Raxc4 Rdxa6 39. Re4+ Kd5 40.
Ree7 Rf6 41. Rcd7+ Kc6 42. Rxf7 Rxf7 43. Rxf7 Rg8 44. Re7 Kd6 45. Re2 g5 46. Kh3
h5 47. Re4 Rf8 48. f4 Rf5 49. fxg5 Rxg5 50. Kh4 Rc5 51. Re8 1-0

[Event "Chigorin Memorial"]
[Site "St Petersburg RUS"]
[Date "2013.10.12"]
[Round "8.54"]
[White "Sukhareva, Evgeniya"]
[Black "Savitskiy, Sergey"]
[Result "0-1"]
[BlackTitle "FM"]
[WhiteElo "2210"]
[BlackElo "2354"]
[WhiteFideId "4167155"]
[BlackFideId "24105660"]
[EventDate "2013.10.05"]

1. d4 Nf6 2. c4 g6 3. Nf3 Bg7 4. g3 O-O 5. Bg2 d6 6. O-O Nc6 7. Nc3 a6 8. Bf4
Bf5 9. Rc1 Ne4 10. Nd5 e5 11. dxe5 dxe5 12. Be3 Nf6 13. Qb3 Rb8 14. Rfd1 Nd7 15.
Bg5 f6 16. Be3 Be6 17. Qa3 Re8 18. Qb3 h6 19. a3 f5 20. Qc2 Bf7 21. b4 e4 22.
Nd4 Nce5 23. Bf4 c6 24. Ne3 Qf6 25. c5 Rbd8 26. Bh3 Nf8 27. Nb3 Qe7 28. Na5 Ne6
29. Bxe5 Bxe5 30. Bf1 Nd4 31. Qb1 f4 32. Nec4 e3 33. f3 fxg3 34. h3 g2 35. Kxg2
Bf4 36. Kh1 Qg5 0-1

[Event "Chigorin Memorial"]
[Site "St Petersburg RUS"]
[Date "2013.10.12"]
[Round "8.55"]
[White "Rjanova, Valery"]
[Black "Shinkevich, Vitaly"]
[Result "0-1"]
[WhiteTitle "WFM"]
[BlackTitle "IM"]
[WhiteElo "2192"]
[BlackElo "2489"]
[WhiteFideId "24129119"]
[BlackFideId "4122690"]
[EventDate "2013.10.05"]

1. c4 Nf6 2. Nf3 c5 3. g3 g6 4. Bg2 Bg7 5. Nc3 O-O 6. O-O Nc6 7. d4 cxd4 8. Nxd4
Ng4 9. e3 d6 10. b3 Nxd4 11. exd4 Nh6 12. Bb2 Nf5 13. Ne2 Rb8 14. Qc2 Bd7 15. a4
e6 16. Rfd1 a6 17. Qd2 Qc7 18. Rac1 Bh6 19. f4 Bg7 20. Kh1 Rfe8 21. Rc3 Qb6 22.
Rd3 Bc6 23. Ng1 Bxg2+ 24. Qxg2 e5 25. fxe5 dxe5 26. dxe5 Bxe5 27. Bc1 h5 28. Nf3
Bc7 29. Qg1 Qc6 30. Qg2 Rbd8 31. Nd4 Rxd4 32. Qxc6 bxc6 33. Rxd4 Nxd4 34. Rxd4
Re1+ 35. Kg2 Rxc1 36. Rd7 Rc2+ 0-1

[Event "Chigorin Memorial"]
[Site "St Petersburg RUS"]
[Date "2013.10.12"]
[Round "8.56"]
[White "Antinyan, Armen"]
[Black "Smirnov, Artem"]
[Result "1/2-1/2"]
[BlackTitle "IM"]
[WhiteElo "2179"]
[BlackElo "2434"]
[WhiteFideId "13303112"]
[BlackFideId "4143256"]
[EventDate "2013.10.05"]

1. e4 c5 2. Nf3 d6 3. c3 Nf6 4. h3 Nc6 5. Bd3 d5 6. exd5 Qxd5 7. Qe2 e6 8. O-O
Be7 9. Bc2 O-O 10. Rd1 b6 11. d4 cxd4 12. Nxd4 Nxd4 13. Rxd4 Qc6 14. Nd2 Bb7 15.
Nf3 Rfd8 16. Rh4 Rd5 17. Be3 g6 18. Bd4 Nh5 19. Re4 Nf6 20. Re3 Rh5 21. Re5 Rd8
22. Re1 Rxe5 23. Qxe5 Qd5 24. Qc7 Qd7 25. Qf4 Nh5 26. Qe3 Qc6 27. Bb3 Re8 28.
Rd1 Bf8 29. Be5 Bc5 30. Qh6 Bf8 31. Qg5 Be7 32. Qg4 Qc5 33. Re1 Bf6 34. Bh2 Bd5
35. Bc2 Rd8 1/2-1/2

[Event "Chigorin Memorial"]
[Site "St Petersburg RUS"]
[Date "2013.10.12"]
[Round "8.57"]
[White "Tseitlin, Mark D"]
[Black "Kalinin, Nikita"]
[Result "1-0"]
[WhiteTitle "GM"]
[WhiteElo "2399"]
[BlackElo "2167"]
[WhiteFideId "2800128"]
[BlackFideId "24155390"]
[EventDate "2013.10.05"]

1. e4 e5 2. Nf3 Nc6 3. d4 exd4 4. Nxd4 Bb4+ 5. c3 Bc5 6. Be3 Bb6 7. Nf5 Bxe3 8.
Nxe3 Nf6 9. f3 d6 10. c4 O-O 11. Nc3 Nd7 12. Qd2 Nc5 13. O-O-O a5 14. Bd3 Be6
15. f4 a4 16. f5 Nb4 17. Bb1 Bd7 18. Rhf1 f6 19. Ned5 Nc6 20. Nb5 Na5 21. Qb4 c6
22. Nxd6 Nab3+ 23. axb3 Nxb3+ 24. Kc2 cxd5 25. Rxd5 Bc6 26. Rdd1 Qe7 27. Rfe1
Qe5 28. Ba2 Nc5 29. Qc3 Rfd8 30. Qxe5 fxe5 31. g4 Rd7 32. Nb5 Rxd1 33. Rxd1
Bxe4+ 34. Kc3 Bf3 35. Re1 e4 36. g5 Rf8 37. Nd4 Bg4 38. b4 axb3 39. Nxb3 Nxb3
40. Bxb3 Bxf5 41. c5+ Kh8 42. Bd5 Rc8 43. Kd4 Rc7 44. Rb1 Bc8 45. Rf1 1-0

[Event "Chigorin Memorial"]
[Site "St Petersburg RUS"]
[Date "2013.10.12"]
[Round "8.58"]
[White "Tugarin, Anton"]
[Black "Chashchev, Sergey"]
[Result "1/2-1/2"]
[BlackTitle "FM"]
[WhiteElo "2188"]
[BlackElo "2396"]
[WhiteFideId "24151246"]
[BlackFideId "4134516"]
[EventDate "2013.10.05"]

1. e4 d6 2. d4 Nf6 3. Nc3 g6 4. Be3 c6 5. Qd2 Ng4 6. Bg5 f6 7. Bf4 e5 8. dxe5
dxe5 9. Qxd8+ Kxd8 10. Bg3 Bd6 11. O-O-O Ke7 12. h3 Nh6 13. Bc4 b5 14. Bb3 Nd7
15. f4 Bc7 16. fxe5 Nxe5 17. Nge2 Bd7 18. Kb1 Rhd8 19. Bf4 Nhf7 20. a3 Bb6 21.
Nd4 Bxd4 22. Rxd4 Be6 23. Be3 Bxb3 24. cxb3 a6 25. Kc2 Ng5 26. Rdd1 Ne6 27. Ne2
Rxd1 28. Rxd1 Rd8 29. Rxd8 Kxd8 30. Nc1 c5 31. Nd3 Nd7 32. Kd2 Kc8 33. Bf2 Kc7
34. Ke2 Kc6 35. Kd2 Ne5 36. Be3 Nf7 37. Nf2 Nd6 38. Kd3 c4+ 39. bxc4 Nxc4 40.
Bc1 Nc5+ 41. Kc3 Nd6 42. Bf4 Ncxe4+ 43. Nxe4 Nxe4+ 44. Kd4 Nc5 45. Be3 Ne6+ 46.
Ke4 Kd6 47. g4 Nc5+ 48. Kd4 Kc6 49. b4 Nd7 50. Bf4 Nf8 51. Ke4 Ne6 52. Bd2 Kd6
53. Be3 Ng7 54. Bf4+ Kc6 55. Bd2 f5+ 56. Ke5 fxg4 57. hxg4 Kd7 58. Bh6 Ne6 59.
Kf6 Nd4 60. Kg7 Ke6 61. Kxh7 Kf7 62. Bc1 Ne2 63. Bb2 Nf4 64. Kh6 1/2-1/2

[Event "Chigorin Memorial"]
[Site "St Petersburg RUS"]
[Date "2013.10.12"]
[Round "8.59"]
[White "Semenova, Elena1"]
[Black "Ponomarev, Dmitry"]
[Result "0-1"]
[WhiteTitle "WIM"]
[BlackTitle "IM"]
[WhiteElo "2163"]
[BlackElo "2395"]
[WhiteFideId "24125148"]
[BlackFideId "24112046"]
[EventDate "2013.10.05"]

1. e4 c6 2. d4 d5 3. Nd2 dxe4 4. Nxe4 Bf5 5. Nc5 e5 6. Nxb7 Qb6 7. Nc5 exd4 8.
Nb3 Bb4+ 9. Bd2 Nf6 10. a3 Bxd2+ 11. Qxd2 c5 12. O-O-O O-O 13. Bc4 Nbd7 14. Nf3
a5 15. a4 Ne4 16. Qf4 Bg6 17. Nh4 Nd6 18. Nxg6 hxg6 19. Nd2 Qc6 20. h4 Nxc4 21.
Nxc4 Qxa4 22. Na3 Qb4 23. Rh3 Qb8 24. Qxb8 Nxb8 25. c3 Nc6 26. Nc2 Rfd8 27. cxd4
Nxd4 28. Nxd4 cxd4 29. Ra3 Rd5 30. Ra4 Rc8+ 31. Kb1 d3 32. Ra3 Rcd8 33. Kc1 Kh7
34. Rc3 Kh6 35. Kd2 Kh5 36. Ke3 d2 37. Rc2 Kxh4 38. Rcxd2 Re8+ 0-1

[Event "Chigorin Memorial"]
[Site "St Petersburg RUS"]
[Date "2013.10.12"]
[Round "8.61"]
[White "Kostin, Konstantin"]
[Black "Ustinov, Alexey"]
[Result "1-0"]
[WhiteTitle "FM"]
[WhiteElo "2337"]
[BlackElo "2125"]
[WhiteFideId "4155882"]
[BlackFideId "24126209"]
[EventDate "2013.10.05"]

1. Nf3 Nf6 2. c4 g6 3. Nc3 d5 4. cxd5 Nxd5 5. Qb3 Nb6 6. d4 Bg7 7. Bf4 O-O 8. e3
c6 9. Be2 Bg4 10. O-O N8d7 11. Rfd1 Qc8 12. Bg3 Nf6 13. Rac1 Qe6 14. Qa3 h6 15.
h3 Bh5 16. Bh2 g5 17. Ne5 Bxe2 18. Nxe2 Ne4 19. Nd3 f5 20. Be5 Nd5 21. Re1 Qg6
22. Bxg7 Qxg7 23. f3 Nd6 24. Nc3 Nxe3 25. Rxe3 Qxd4 26. Qc5 Qf6 27. Qe5 1-0

[Event "Chigorin Memorial"]
[Site "St Petersburg RUS"]
[Date "2013.10.12"]
[Round "8.62"]
[White "Bazeev, German"]
[Black "Korchagina, Viktoria"]
[Result "1-0"]
[BlackTitle "WFM"]
[WhiteElo "2322"]
[BlackElo "2079"]
[WhiteFideId "24119350"]
[BlackFideId "4197224"]
[EventDate "2013.10.05"]

1. d4 Nf6 2. c4 g6 3. Nc3 Bg7 4. e4 d6 5. Be2 O-O 6. Be3 e5 7. d5 Nbd7 8. g4 Nc5
9. f3 a5 10. Nh3 Ne8 11. Nf2 f5 12. exf5 gxf5 13. g5 Qe7 14. h4 a4 15. Qc2 a3
16. b4 Nd7 17. O-O-O e4 18. f4 Nb6 19. h5 Bd7 20. h6 Bh8 21. Rdg1 Na4 22. Nfd1
Nxc3 23. Nxc3 c6 24. g6 Bf6 25. g7 Rf7 26. Kb1 Nc7 27. Rd1 cxd5 28. Bb6 Bxc3 29.
Qxc3 Ne6 30. Qd2 Ra4 31. Rh3 d4 32. Bxd4 Nxd4 33. Qxd4 Rxb4+ 34. Rb3 Rxb3+ 35.
axb3 Qf6 36. Bh5 Qxh6 37. Bxf7+ Kxf7 38. Rg1 Kg8 39. Ka2 Bc6 40. Kxa3 Qxf4 41.
Qf6 1-0

[Event "Chigorin Memorial"]
[Site "St Petersburg RUS"]
[Date "2013.10.12"]
[Round "8.63"]
[White "Donskov, Anatoly"]
[Black "Aseev, Vladimir"]
[Result "1-0"]
[WhiteTitle "FM"]
[WhiteElo "2317"]
[BlackElo "2064"]
[WhiteFideId "24143413"]
[BlackFideId "24121371"]
[EventDate "2013.10.05"]

1. e4 c5 2. Nf3 d6 3. d4 cxd4 4. Nxd4 Nf6 5. Nc3 Nc6 6. Be2 g6 7. Be3 Bg7 8. Qd2
Ng4 9. Bxg4 Bxg4 10. f3 Bd7 11. Nde2 h6 12. O-O Ne5 13. b3 Qa5 14. Rad1 Bc6 15.
Bd4 O-O 16. Nd5 Qd8 17. f4 Bxd5 18. exd5 Ng4 19. f5 g5 20. c4 Bxd4+ 21. Nxd4 f6
22. Ne6 Qb6+ 23. c5 dxc5 24. Nxf8 Qd6 25. g3 Rxf8 26. Qe2 h5 27. Qe6+ Kg7 28.
Rfe1 Ne5 29. Kg2 Rd8 30. h3 b6 31. Rd2 a6 32. a4 Kf8 33. Kf2 b5 34. Qxd6 Rxd6
35. axb5 axb5 36. Ra1 c4 37. bxc4 bxc4 38. Ra8+ Kf7 39. Rc8 Nd3+ 40. Ke3 Ne5 41.
Ke4 Ra6 42. Rb2 c3 43. Rb4 Ra3 44. d6 Ra1 45. Rxc3 Re1+ 46. Re3 Rxe3+ 47. Kxe3
exd6 48. Rb7+ Kf8 49. Ke4 g4 50. h4 Nf7 51. Kd5 Kg8 52. Rxf7 Kxf7 53. Kxd6 1-0

[Event "Chigorin Memorial"]
[Site "St Petersburg RUS"]
[Date "2013.10.12"]
[Round "8.65"]
[White "Molchanova, Tatjana"]
[Black "Grinblat, Artemiy"]
[Result "1-0"]
[WhiteTitle "WGM"]
[WhiteElo "2311"]
[BlackElo "2058"]
[WhiteFideId "4132203"]
[BlackFideId "14135272"]
[EventDate "2013.10.05"]

1. c4 e6 2. g3 Nf6 3. Bg2 d5 4. Nf3 dxc4 5. Qa4+ Nbd7 6. Qxc4 c5 7. Qb3 Nd5 8.
O-O b6 9. e4 N5f6 10. d3 Bb7 11. Nbd2 Be7 12. Nc4 O-O 13. a4 Bc6 14. Bd2 a6 15.
Qc2 b5 16. Na5 Rc8 17. Nxc6 Rxc6 18. axb5 axb5 19. Ra7 e5 20. Rfa1 Bd6 21. d4
Rc8 22. d5 c4 23. Bh3 Rc7 24. Bg5 Qb8 25. R7a6 Rb7 26. Nh4 Nc5 27. Bxf6 Nxa6 28.
Rxa6 gxf6 29. Nf5 Rb6 30. Rxb6 Qxb6 31. Qe2 Kh8 32. Qh5 Bc5 33. Kg2 Rg8 34. Nh6
b4 35. Nxf7+ Kg7 36. Be6 1-0

[Event "Chigorin Memorial"]
[Site "St Petersburg RUS"]
[Date "2013.10.12"]
[Round "8.66"]
[White "Tkachev, Ivan"]
[Black "Leontiev, Aleksandr V."]
[Result "0-1"]
[BlackTitle "IM"]
[WhiteElo "2156"]
[BlackElo "2310"]
[WhiteFideId "4186885"]
[BlackFideId "4122968"]
[EventDate "2013.10.05"]

1. d4 Nf6 2. c4 e6 3. Nf3 b6 4. Nc3 Bb4 5. Qc2 Bb7 6. Bg5 O-O 7. g3 h6 8. Bd2
Nc6 9. e4 Nxd4 10. Nxd4 Bxc3 11. Nf3 Bxd2+ 12. Nxd2 Nxe4 13. Nxe4 f5 14. Bg2
fxe4 15. Bxe4 Bxe4 16. Qxe4 Qf6 17. Qe2 Qf3 18. Qxf3 Rxf3 19. Rd1 d6 20. Ke2
Raf8 21. Rhf1 g5 22. Rd3 Rxd3 23. Kxd3 g4 24. Ke3 Rf3+ 25. Ke2 Rf5 26. Rh1 Re5+
27. Kd2 Rh5 28. Ke3 Kf7 29. f4 Kf6 30. b3 a5 31. a4 Kf5 32. h4 gxh3 33. Kf3 Kg6
34. g4 Rc5 35. Ke4 h5 36. Rxh3 hxg4 37. Rh4 d5+ 38. cxd5 exd5+ 39. Ke5 d4+ 40.
Ke4 Rc3 41. Rxg4+ Kf6 42. f5 Re3+ 43. Kf4 Rxb3 44. Rg6+ Kf7 45. Rh6 c5 46. Rh7+
Kf6 47. Rh6+ Ke7 48. f6+ Ke6 49. Rg6 Re3 50. f7+ Kxf7 51. Rxb6 Re6 52. Rb5 c4
53. Rxa5 Ke7 54. Rc5 d3 55. Rc7+ Kd6 56. Rxc4 Kd5 57. Rc1 Kd4 58. Rd1 Rf6+ 59.
Kg3 Ra6 60. Rh1 Ke3 61. Re1+ Kd4 62. Rh1 d2 63. Kf2 Kd3 64. Ra1 Rf6+ 65. Kg2 Ke2 0-1

[Event "Chigorin Memorial"]
[Site "St Petersburg RUS"]
[Date "2013.10.12"]
[Round "8.67"]
[White "Kostin, Alexey"]
[Black "Trapeznikova, Darya"]
[Result "1/2-1/2"]
[WhiteTitle "IM"]
[WhiteElo "2306"]
[BlackElo "2048"]
[WhiteFideId "4120736"]
[BlackFideId "24121118"]
[EventDate "2013.10.05"]

1. e4 e6 2. d4 d5 3. Bd3 c5 4. c3 Nc6 5. exd5 exd5 6. dxc5 Bxc5 7. Nf3 Nf6 8.
O-O O-O 9. h3 Qd6 10. Qa4 Be6 11. Qh4 Ne7 12. b4 Bb6 13. Bf4 Qd7 14. Be5 Ng6 15.
Bxg6 fxg6 16. Nbd2 Rae8 17. Rae1 Bf5 18. Bd4 Bd8 19. Ne5 Rxe5 20. Bxe5 Ne4 21.
Qf4 Bg5 22. Rxe4 Bxf4 23. Rxf4 Re8 24. Bd4 Qa4 25. g4 Bd3 26. Ra1 Qc2 27. Nf3 g5
28. Nxg5 Qd2 29. Rf3 h6 30. Nf7 Qb2 31. Rd1 Be2 32. c4 Qxa2 33. Ra1 Qxa1+ 34.
Bxa1 Bxf3 35. Ne5 Be2 36. cxd5 Rd8 37. Ng6 Bd3 38. Nf4 g5 39. Nxd3 Rxd5 40. Ne1
Rd1 41. Bc3 Rc1 42. Bd2 Rd1 43. Bc3 Rc1 44. Bd2 Rd1 1/2-1/2

[Event "Chigorin Memorial"]
[Site "St Petersburg RUS"]
[Date "2013.10.12"]
[Round "8.68"]
[White "Kostrikina, Anna"]
[Black "Khakimov, Timur"]
[Result "1-0"]
[WhiteTitle "WFM"]
[BlackTitle "IM"]
[WhiteElo "2140"]
[BlackElo "2305"]
[WhiteFideId "4176219"]
[BlackFideId "4169115"]
[EventDate "2013.10.05"]

1. e4 c6 2. d4 d5 3. exd5 cxd5 4. c3 Nc6 5. Bf4 g6 6. Nf3 Bg7 7. Bd3 Nh6 8. O-O
O-O 9. Nbd2 f6 10. c4 Be6 11. Re1 Bf7 12. cxd5 Bxd5 13. Bc4 Nf7 14. Rc1 e5 15.
dxe5 fxe5 16. Bg3 Bh6 17. Ra1 Nd4 18. Bxd5 Qxd5 19. Ne4 Bg7 20. Bh4 Nh6 21. Kh1
Rf4 22. Qd3 Raf8 23. Bg3 R4f5 24. b3 Rh5 25. Rac1 Nhf5 26. Nxd4 exd4 27. Kg1
Nxg3 28. Nxg3 Re5 29. Rxe5 Bxe5 30. Qc4 Rd8 31. Qxd5+ Rxd5 32. Ne4 d3 33. Rd1 b6
34. g3 Kf7 35. Kf1 Ke6 36. f4 Bd6 37. Nxd6 Rxd6 38. Kf2 Kf5 39. Ke3 Kg4 40. Rxd3
Rxd3+ 41. Kxd3 Kh3 42. Ke4 1-0